| 000 | 00538nam a2200181Ia 4500 | ||
|---|---|---|---|
| 008 | 151202s9999||||xx |||||||||||||| ||und|| | ||
| 082 | _bPNVM-32211 | ||
| 100 | _aराहाणे रा. अ. | ||
| 245 | _aजन अरण्य. | ||
| 260 | _b"विजय प्रकाशन,नागपूर." | ||
| 260 | _c1977 | ||
| 300 | _a226 | ||
| 600 | _aराहाणे रा. अ. | ||
| 630 | _aजन अरण्य. | ||
| 700 | _aराहाणे रा. अ. | ||
| 730 | _aजन अरण्य. | ||
| 942 | _cBOOK | ||
| 999 |
_c1298172 _d1298169 |
||